000 00705nam a22002657a 4500
001 23151
003 UA-OsUOA
005 20220206112459.0
007 ta
008 20040113b un ||||| |||| 00| 0 ukr d
020 _a5-85770-021-3
040 _aUA-OsUOA
_brus
_cUA-OsUOA
_dUA-OsUOA
041 _arus
044 _aRU
080 _a27(09)
090 _a27(09)
_bК36
100 _aКернс Э.
245 _aДорогами християнства: история церкви
260 _aМосква
_bПротестант
_c1992
300 _a416 с.
650 7 _2UDC
942 _cBK
_2udc
955 _a0
999 _c309394
_d309394